| 000 | 00780cam a2200265 a 4500 | ||
|---|---|---|---|
| 999 |
_c4500 _d4500 |
||
| 003 | UkOxU | ||
| 005 | 20220323134548.0 | ||
| 008 | 001113s2001 enka b 001|0 eng c | ||
| 020 | _a0192631861 | ||
| 040 | _cDLC | ||
| 042 | _apcc | ||
| 050 | 0 | 0 |
_aRK55.C5 _bP34 2001 |
| 060 | 1 | 0 |
_aWU 480 _bP126 2001 |
| 245 | 0 | 0 |
_aPaediatric dentistry / _cedited by Richard R. Welbury. |
| 250 | _a2nd ed. | ||
| 260 |
_aOxford : _bOxford University Press, _c2001. |
||
| 300 |
_a422 p. : _bcol. ill. ; _c28 cm. |
||
| 504 | _aIncludes bibliographical references and index. | ||
| 650 | 0 | _aPedodontics. | |
| 650 | 1 | 2 | _aPediatric Dentistry. |
| 650 | 2 | 2 | _aDental Care for Children. |
| 700 | 1 | _aWelbury, Richard. | |
| 942 |
_2lcc _cBK _nMM |
||